| Tag |
First Indicator |
Second Indicator |
Subfields |
| LEADER |
00000cjm a2200000Ia 4500 |
| 001 |
in00001684635 |
| 005 |
20151024135807.0 |
| 007 |
sd fungnnmmnee |
| 008 |
950406p19941969nyucon eh d |
| 024 |
1 |
|
|a 028944259223
|
| 028 |
0 |
0 |
|a 442 592-2
|b Philips Classics
|
| 028 |
0 |
0 |
|a 442 594-2
|b Philips Classics
|
| 028 |
0 |
0 |
|a 442 593-2
|b Philips Classics
|
| 035 |
|
|
|a (OCoLC)ocm32266319
|
| 040 |
|
|
|a MNO
|c MNO
|d IXA
|d TXA
|d UtOrBLW
|
| 049 |
|
|
|a TXAM
|
| 090 |
|
|
|a M1105.B16
|b F6 1994
|
| 100 |
1 |
|
|a Bach, Carl Philipp Emanuel,
|d 1714-1788.
|
| 240 |
1 |
0 |
|a Instrumental music.
|k Selections
|
| 245 |
1 |
0 |
|a 4 flute concertos, 2 oboe concertos, 1 solo for harp /
|c Carl Philipp Emanuel Bach.
|
| 246 |
1 |
8 |
|a Flute & oboe concertos
|
| 264 |
|
1 |
|a [New York] :
|b Philips Classics,
|c [1994]
|
| 264 |
|
4 |
|c ℗1994
|
| 300 |
|
|
|a 2 sound discs (2 hr., 30 min.) :
|b digital ;
|c 4 3/4 in.
|
| 336 |
|
|
|a performed music
|b prm
|2 rdacontent
|
| 337 |
|
|
|a audio
|b s
|2 rdamedia
|
| 338 |
|
|
|a audio disc
|b sd
|2 rdacarrier
|
| 500 |
|
|
|a Philips Classics: 442 592-2 (442 593-2, 442 594-2).
|
| 500 |
|
|
|a For flute or oboe with string orchestra, oboe with continuo (i.e. violoncello and harp), and harp solo.
|
| 500 |
|
|
|a Cover title.
|
| 511 |
0 |
|
|a Aurèle Nicolet, flute ; Heinz Holliger, oboe ; Ursula Holliger, harp (5th and 7th works) ; Rama Jucker, violoncello ; Netherlands Chamber Orchestra (1st, 2nd, 5th, and 6th works) ; English Chamber Orchestra (3rd and 7th works) ; David Zinman (1st, 2nd, 5th, and 6th works), Raymond Leppard (3rd and 7th works), conductors.
|
| 518 |
|
|
|a Recorded in Switzerland, 12/1968 (Wq 135, 139), the UK, 2/1974 (Wq 164, 165), and the Netherlands, 5/1977 (Wq 166-169).
|
| 500 |
|
|
|a Selections previously released, 1969, 1975, 1978.
|
| 500 |
|
|
|a Compact discs.
|
| 500 |
|
|
|a Analog recording.
|
| 500 |
|
|
|a Program notes by Stephen Roe (4 [i.e. 5] pages) in container.
|
| 505 |
0 |
|
|a Flute concerto in A minor, Wq 166 (ca. 23:40) -- Flute concerto in B flat, Wq 167 (20:04) -- Oboe concerto in E flat, Wq 165 (19:56) -- Solo in G minor, Wq 135 for oboe and continuo (ca. 10:38) -- Flute concerto in A, Wq 168 (ca. 17:29) -- Flute concerto in G, Wq 169 (ca. 23:21) -- Oboe concerto in B flat, Wq 164 (ca. 22:40) -- Solo in G, Wq 139 (ca. 10:58).
|
| 500 |
|
|
|a Sound recording.
|
| 650 |
|
0 |
|a Concertos (Flute with string orchestra)
|
| 650 |
|
0 |
|a Flute with string orchestra.
|
| 650 |
|
0 |
|a Concertos (Oboe with string orchestra)
|
| 650 |
|
0 |
|a Oboe with string orchestra.
|
| 650 |
|
0 |
|a Oboe with continuo.
|
| 650 |
|
0 |
|a Harp music.
|
| 700 |
1 |
|
|a Nicolet, Aurèle,
|e instrumentalist.
|
| 700 |
1 |
|
|a Holliger, Heinz,
|e instrumentalist.
|
| 700 |
1 |
|
|a Holliger, Ursula,
|e instrumentalist.
|
| 700 |
1 |
|
|a Jucker, Rama,
|e instrumentalist.
|
| 700 |
1 |
|
|a Zinman, David,
|e conductor.
|
| 700 |
1 |
|
|a Leppard, Raymond,
|e conductor.
|
| 700 |
1 |
2 |
|a Bach, Carl Philipp Emanuel,
|d 1714-1788.
|t Concertos,
|m flute, string orchestra,
|n H. 431,
|r A minor.
|
| 700 |
1 |
2 |
|a Bach, Carl Philipp Emanuel,
|d 1714-1788.
|t Concertos,
|m flute, string orchestra,
|n H. 435,
|r B♭ major.
|
| 700 |
1 |
2 |
|a Bach, Carl Philipp Emanuel,
|d 1714-1788.
|t Concertos,
|m oboe, string orchestra,
|n H. 468,
|r E♭ major.
|
| 700 |
1 |
2 |
|a Bach, Carl Philipp Emanuel,
|d 1714-1788.
|t Solos,
|m oboe, continuo,
|n H. 549,
|r G minor.
|
| 700 |
1 |
2 |
|a Bach, Carl Philipp Emanuel,
|d 1714-1788.
|t Concertos,
|m flute, string orchestra,
|n H. 438,
|r A major.
|
| 700 |
1 |
2 |
|a Bach, Carl Philipp Emanuel,
|d 1714-1788.
|t Concertos,
|m flute, string orchestra,
|n H. 445,
|r G major.
|
| 700 |
1 |
2 |
|a Bach, Carl Philipp Emanuel,
|d 1714-1788.
|t Concertos,
|m oboe, string orchestra,
|n H. 466,
|r B♭ major.
|
| 700 |
1 |
2 |
|a Bach, Carl Philipp Emanuel,
|d 1714-1788.
|t Solos,
|m harp,
|n H. 563,
|r G major.
|
| 710 |
2 |
|
|a Nederlands Kamerorkest,
|e instrumentalist.
|
| 710 |
2 |
|
|a English Chamber Orchestra,
|e instrumentalist.
|
| 994 |
|
|
|a E0
|b TXA
|
| 948 |
|
|
|a cataloged
|b h
|c 2002/7/3
|d c
|e fpiscitelli
|f 9:55:04 am
|
| 999 |
|
|
|a MARS
|
| 999 |
f |
f |
|s cf4a0b7d-4f0e-3041-9ec3-dcf65fafe23b
|i 4f86cd33-4a80-3b6f-b6ef-90abbeb6d0d5
|t 0
|
| 952 |
f |
f |
|p ric
|a Texas A&M University
|b Rellis Campus
|c Joint Library Facility
|d Remote Storage
|t 0
|e M1105.B16 F6 1994
|h Library of Congress classification
|i audio -- audio disc
|m A14829195269
|
| 998 |
f |
f |
|a M1105.B16 F6 1994
|t 0
|l Remote Storage
|